000 00978nam a22002057a 4500
003 JO-AjAnu
005 20241019115531.0
008 241019b jo ||||| |||| 00| 0 ara d
020 _a1-257-28-9923-978
040 _cJO-AjAnu
041 _aARA
100 1 _aالشكري، عبد العظيم عبد الواحد
_966326
_eمؤلف
245 2 0 _aالمحاصيل الزراعية الاستراتيجية : الواقع واحتمالات المستقبل /
_cعبد العظيم عبد الواحد الشكري؛ مصطفى عليوي العبيدي
250 _aالطبعة الاولى
260 _aعمان :
_bدار الصفاء للنشر والتوزيع،
_c2024
300 _a280 صفحة
650 7 0 _aالمحاصيل - الانتاج الزراعي- الامن الغذائي- التنمية الزراعية- الاقتصاد- العراق
_966329
700 1 _aالعبيدي، مصطفى عليوي
_966330
_eمؤلف مشارك
942 _2lcc
_cBK
_n0
999 _c33764
_d33764